Contratacin̤ laboral temporal un estudio jurisprudencial /

Bibliographic Details
Main Author: Alzaga Ruiz, Ica̕r
Format: Unknown
Language:Spanish
Published: Madrid: Edersa, cop. 2000
Subjects:
Online Access:Acceso restringido

MARC

LEADER 00000ny a22000003n 4500
005 2011051801471.0
008 010903s2000 sp 000 spa c
017 |a D.L. M34045-2000 
020 |a 8471309785 
035 |a 1662 
040 |a UMA.RE  |d vLex 
080 |a 331.106(460) 
080 |a 349.223(460)"403"(094.9.072) 
090 |c 18  |d 18 
100 1 |a Alzaga Ruiz, Ica̕r 
245 1 0 |a Contratacin̤ laboral temporal  |h [Recurso electrn̤ico]  |b un estudio jurisprudencial /  |c Ica̕r Alzaga Ruiz 
256 |a Servicio en ln̕ea 
260 |a Madrid:  |b Edersa,  |c cop. 2000 
300 |a 135 p. ; 
506 1 |a Contenido solo disponible en los productos indicados  |d vLex Global  |d vLex Global (Academic Edition, excluding Law Schools)  |d vLex Global (U.S. Academic Edition, Law Schools)  |d vLex Global (U.S. Academic Edition, excluding Law Schools)  |d vLex Global (Academic Edition, Law Schools) 
650 0 7 |a Trabajo temporal  |2 Tesauro vLex 
650 0 7 |2 Tesauro vLex  |a Laboral 
650 0 7 |2 Tesauro vLex  |a Contrato temporal 
650 0 7 |2 Tesauro vLex  |a Contratos especiales de trabajo 
740 0 |a vLex Libros (Servicios en ln̕ea) 
856 4 0 |z Acceso restringido  |u http://vlex.com/source/contratacion-laboral-temporal-1662 
942 |c BOOK 
999 0 |a Temporary employment  |b Spain 
999 0 |a Labor laws and legislation  |b Spain